000 00510pab a2200181 454500
008 180718b1998 xxu||||| |||| 00| 0 eng d
100 _aMatani, A.G.
245 _aHigher and technical education in times of austerity: relevance and accountability
260 _c1998
300 _ap.3-4
362 _a21 Sep
650 _aEducation - India
650 _aHigher education - India
650 _aTechnical education - India
650 _aTechnical education
773 _aUniversity News
909 _a38774
999 _c38774
_d38774